|
|
|
|
| LEADER |
00000nam a22000007a 4500 |
| 005 |
20120413145828.0 |
| 007 |
cr|||| |||| |
| 008 |
120413s2010 cl |||||s|||| 00||0 spa d |
| 020 |
|
|
|a 956-10-1981-7
|
| 035 |
|
|
|a 6164
|
| 040 |
|
|
|d vLex
|
| 090 |
|
|
|c 3121
|d 3121
|
| 100 |
1 |
|
|a Rodrg̕uez Collao, Luis
|
| 245 |
1 |
0 |
|a Delitos aduaneros
|h [Recurso electrn̤ico] /
|c Luis Rodrg̕uez Collao, Mara̕ Magdalena Ossandn̤ Widow
|
| 256 |
|
|
|a Servicio en ln̕ea
|
| 300 |
|
|
|a 1 recurso electrn̤ico
|
| 506 |
1 |
|
|a Contenido solo disponible en los productos indicados
|d vLex Global
|d vLex Global (Academic Edition, excluding Law Schools)
|d vLex Global (U.S. Academic Edition, Law Schools)
|d vLex Global (U.S. Academic Edition, excluding Law Schools)
|d vLex Global (Academic Edition, Law Schools)
|
| 650 |
0 |
4 |
|a Aduanas
|z Chile
|
| 650 |
0 |
4 |
|a Contrabando
|z Chile
|
| 700 |
1 |
|
|a Ossandn̤ Widow, Mara̕ Magdalena
|
| 740 |
0 |
|
|a vLex Libros (Servicio en ln̕ea)
|
| 856 |
4 |
0 |
|u http://vlex.com/source/6164
|z Acceso restringido
|
| 942 |
|
|
|c BOOK
|
| 999 |
0 |
|
|a Smuggling
|
| 999 |
0 |
|
|a Customs administration
|